Villes sur le Danube - Statistiques

Statistiques générales
  • Ce quiz a été pris 322 fois
  • Le résultat moyen est 6 sur 12
Statistiques - réponses
Pays Indice Ville % Correct
Hongrie Capitale, surnommée "perle du Danube" Budapest
95%
Autriche Ville d'où régnaient les Habsbourgs Vienne
91%
Serbie Ville serbe la plus peuplée Belgrade
86%
Slovaquie Capitale et ville la plus peuplée de ce pays Bratislava
85%
Allemagne Ville du Bade-Wurtemberg en 3 lettres Ulm
51%
Autriche 3ème ville du pays, centre culturel autrichien Linz
45%
Serbie Capitale de la Voïvodine, 2ème ville serbe Novi Sad
36%
Roumanie Ville dont les habitants sont appelés les Galatéens Galați
21%
Allemagne Ville bavaroise chef lieu du Haut-Palatinat Ratisbonne
18%
Allemagne S'y trouve le siège social d'Audi Ingolstadt
17%
Hongrie Ville à mi-chemin entre la capitale autrichienne et hongroise Györ
14%
Bulgarie Ville bulgare connue comme "Petite Vienne" Roussé
10%
Aucun quiz correspondant
Distribution des résultats
% des personnes avec chaque résultat
Percentile par nombre de réponses
Votre historique - résultats
Vous n’avez pas pris ce quiz